Pruebas de transformadores trifásicos usando un equipo de prueba para transformadores monofásicos
Gorde:
| Egile nagusia: | |
|---|---|
| Formatua: | Liburua |
| Argitaratua: |
[San José, Costa Rica]
2009
|
| Gaiak: | |
| Etiketak: |
Etiketa erantsi
Etiketarik gabe, Izan zaitez lehena erregistro honi etiketa jartzen!
|
MARC
| LEADER | 00000nam a2200000Ia 4500 | ||
|---|---|---|---|
| 003 | 010492 | ||
| 005 | 20221231144044.0 | ||
| 008 | 140114s2009 cr a 000 ||s d | ||
| 040 | |c cru CEDI | ||
| 090 | |a TFG 5989 | ||
| 100 | |a Enríquez Salazar, Natalie |9 3522 | ||
| 245 | |a Pruebas de transformadores trifásicos usando un equipo de prueba para transformadores monofásicos | ||
| 260 | |c 2009 |b [San José, Costa Rica] | ||
| 300 | |a xiii, 105 hojas; ilustraciones | ||
| 500 | |a Proyecto de graduación (bachillerato en ingeniería eléctrica)--Universidad de Costa Rica. Facultad de Ingeneira Eléctrica. Escuela de Ingeniería Eléctrica | ||
| 650 | |x TRANSFORMADORES ELECTRICOS |x CORRIENTE TRIFASICA |x DISTRIBUCION DE ENERGIA ELECTRICA |9 3523 | ||
| 942 | |c TFG | ||
| 999 | |c 16239 |d 16239 | ||
